000 00282nam a22001337a 4500
008 170715b xxu||||| |||| 00| 0 eng d
020 _a2900072889856
041 _aeng
080 _a572
100 _a24
101 _aANT
245 _aANTHROPOLOGY
_cALLEN,J,.L
942 _2udc
_cBK
999 _c21231
_d21231